Top 4 pozycje w mistrzostwach Europy cz.1 - Statystyki

Ogólne statystyki
  • Ten quiz został rozwiązany 236 razy
  • Średni wynik to 37 z 40
Statystyki odpowiedzi
Rok miejsce odp % Poprawnych
1964 1 miejsce Hiszpania
98%
1984 2 miejsce Hiszpania
98%
1992 2 miejsce Niemcy
98%
1996 1 miejsce Niemcy
98%
1972 1 miejsce Niemcy Zachodnie
98%
1976 2 miejsce Niemcy Zachodnie
98%
1980 1 miejsce Niemcy Zachodnie
98%
1988 3 miejsce Niemcy Zachodnie
98%
1960 4 miejsce Francja
97%
1984 1 miejsce Francja
97%
1996 3 miejsce Francja
97%
1968 3 miejsce Anglia
95%
1996 3 miejsce Anglia
95%
1984 3 miejsce Portugalia
95%
1968 1 miejsce Włochy
95%
1980 4 miejsce Włochy
95%
1988 3 miejsce Włochy
95%
1960 1 miejsce ZSRR
95%
1964 2 miejsce ZSRR
95%
1968 4 miejsce ZSRR
95%
1972 2 miejsce ZSRR
95%
1988 2 miejsce ZSRR
95%
1960 3 miejsce Czechosłowacja
92%
1976 1 miejsce Czechosłowacja
92%
1980 3 miejsce Czechosłowacja
92%
1976 3 miejsce Holandia
92%
1988 1 miejsce Holandia
92%
1992 3 miejsce Holandia
92%
1972 3 miejsce Belgia
89%
1980 2 miejsce Belgia
89%
1964 4 miejsce Dania
88%
1984 3 miejsce Dania
88%
1992 1 miejsce Dania
88%
1960 2 miejsce Jugosławia
88%
1968 2 miejsce Jugosławia
88%
1976 4 miejsce Jugosławia
88%
1992 3 miejsce Szwecja
88%
1996 2 miejsce Czechy
83%
1964 3 miejsce Węgry
78%
1972 4 miejsce Węgry
78%
Nie znaleziono quizów pasujących do podanych kryteriów
Rozkład punktacji
Procent ludzi z każdym wynikiem
Percentyl według liczby udzielonych odpowiedzi
Twoja historia wyników
Nie rozwiązałeś tego quizu